000 00563nam a2200205 i 4500
001 81628
003 ES-MaACL
005 20250710062724.0
007 t|
008 041105s1957 fr ||||1| fre d
100 1 _aHuisman, Denis.
_964682
245 1 2 _aL'Esthétique /
_cpar Denis Huisman.
250 _a[2ª ed.].
260 _aParis :
_bPresses Universitaires de France,
_c1957.
300 _a128 p. ;
_c18 cm.
490 1 _aQue sais-je? ;
_v635
830 0 0 _aQue sais-je?
_v635
_9180931
852 _aES-MaACL
_jC-15955
_bR.43482
999 _c81628
_d81628